000 00478nam a22001577a 4500
008 240314b |||||||| |||| 00| 0 eng d
020 _a9780815515005
050 _aTA 418.7 .H 36 2005
_b1
100 _aEDITED BY MYER KUTZ
245 _aHANDBOOK OF ENVIRONMENTAL DEGRADATION OF MATERIALS
260 _aNORWICH
_bWILLIAM ANDREW PUBLISHING
_c2005
300 _aXii, 598P
500 _aINCLUDES INDEX AND BIBLIOGRAPHICAL REFERENCES
650 _a2005005496
942 _2lcc
_cBK
999 _c209535
_d209535